00238nam a2200097Ia 4500008004100000100001500041245003500056260003000091300000900121650001000130190216s9999||||xx |||||||||||||| ||und|| aMukundan M 0aMayyazhipuzhayute Theerangalil bNational Book Stallc1978 a322p aNovel